000 00332nam a2200145Ia 4500
003 OSt
005 20240309162736.0
008 170524s9999 xx 000 0 und d
020 _a978-9350140314
040 _cIIMT UNIVERSITY
100 _aSINGH- T.
245 0 _aBASIC ELECTRICAL ENGINEERING
260 _bKASTON
942 _2ddc
_c02
999 _c7673
_d7673